Catalog

Record Details

Catalog Search



Available copies

  • 1 of 1 copy available at LARL/NWRL Consortium.

Current holds

0 current holds with 1 total copy.

Show Only Available Copies
Location Call Number / Copy Notes Barcode Shelving Location Status Due Date
Bagley Public Library Y SUM (Text) 33500010304921 Main Available -

Record details

  • ISBN: 9780738710815
  • ISBN: 0738710814
  • Physical Description: 331 p. ; 21 cm.
  • Edition: 1st ed.
  • Publisher: Woodbury, Minn. : Flux, c2007.

Content descriptions

Summary, etc.:
Upon the death of her mother, a Los Angeles ... Read More
Subject: Magic > Fiction.
Fairs > Fiction.
Fathers and daughters > Fiction.
Elves > Fiction.
Moving, Household > Fiction.
Death > Fiction.
Magic > Fiction.
Fairs > Fiction.
Father-daughter relationship > Fiction.
Elves > Fiction.
Moving > Fiction.
Death > Fiction.
Magic > Juvenile fiction.
Fairs > Juvenile fiction.
Fathers and daughters > Juvenile fiction.
Elves > Juvenile fiction.
Genre: Fantasy fiction.
Children's stories.
LDR 02092cam a2200553 a 4500
001108621
003LARL_NWRL_CONSORTIUM
00520200618202055.0
008070517s2007 mnu d 000 1 eng
015 . ‡aGBA784054 ‡2bnb
0167 . ‡a014100703 ‡2Uk
020 . ‡a9780738710815
020 . ‡a0738710814
035 . ‡a(OCoLC)132580703
042 . ‡alcac
08214. ‡a[Fic] ‡222
1001 . ‡aSummers, Gillian. ‡0(LARL_NWRL_CONSORTIUM)197554
24514. ‡aThe tree shepherd's daughter. ‡n#1 / ‡cGillian Summers.
250 . ‡a1st ed.
260 . ‡aWoodbury, Minn. : ‡bFlux, ‡cc2007.
300 . ‡a331 p. ; ‡c21 cm.
4900 . ‡aFaire folk trilogy ; ‡v1
520 . ‡aUpon the death of her mother, a Los Angeles attorney, fifteen-year-old Keelie is sent to live with her father, a woodworker at Renaissance fairs, and discovers that the odd "allergy" she has to wood is actually powerful earth magic that she must learn to control.
650 1. ‡aMagic ‡vFiction. ‡0(LARL_NWRL_CONSORTIUM)165984
650 1. ‡aFairs ‡vFiction.
650 1. ‡aFathers and daughters ‡vFiction. ‡0(LARL_NWRL_CONSORTIUM)164950
650 1. ‡aElves ‡vFiction. ‡0(LARL_NWRL_CONSORTIUM)169235
650 1. ‡aMoving, Household ‡vFiction. ‡0(LARL_NWRL_CONSORTIUM)166117
650 1. ‡aDeath ‡vFiction. ‡0(LARL_NWRL_CONSORTIUM)164548
650 7. ‡aMagic ‡xFiction. ‡2sears
650 7. ‡aFairs ‡xFiction. ‡2sears
650 7. ‡aFather-daughter relationship ‡xFiction. ‡2sears
650 7. ‡aElves ‡xFiction. ‡2sears
650 7. ‡aMoving ‡xFiction. ‡2sears
60017. ‡aDeath ‡xFiction. ‡2sears
655 7. ‡aFantasy fiction. ‡2gsafd
655 0. ‡aChildren's stories.
650 0. ‡aMagic ‡vJuvenile fiction. ‡0(LARL_NWRL_CONSORTIUM)165990
650 0. ‡aFairs ‡vJuvenile fiction.
650 0. ‡aFathers and daughters ‡vJuvenile fiction. ‡0(LARL_NWRL_CONSORTIUM)165010
650 0. ‡aElves ‡vJuvenile fiction.
901 . ‡a108621 ‡bOCLC ‡c108621 ‡tbiblio

Additional Resources